Učebnice Borland C plus plus : Učebnice programování v Borland C plus plus 4. generace /

Gespeichert in:
Bibliographische Detailangaben
1. Verfasser: Beran, Martin (Verfasst von)
Format: Buch
Sprache:Tschechisch
Veröffentlicht: Praha : BEN - technická literatura, 1995
Ausgabe:1.vyd.
Schlagworte:
Tags: Tag hinzufügen
Keine Tags, Fügen Sie das erste Tag hinzu!

MARC

LEADER 00000nam a22000003a 4500
001 stu7618
005 20200914105424.9
008 951127s1995----xr------------------cze-d
040 |a STU  |b slo 
041 0 |a cze 
044 |a xr 
080 |a 681.32.06 
080 |a BORLAND Cplus plus 
080 |a 519.682 
084 |a C6140  |2 INS 
100 1 |a Beran, Martin  |4 aut 
245 1 |a Učebnice Borland C plus plus :  |b Učebnice programování v Borland C plus plus 4. generace /  |c [aut.] Beran,Martin 
250 |a 1.vyd. 
260 |a Praha :  |b BEN - technická literatura,  |c 1995 
300 |a 434 s 
650 7 |a programovacie jazyky  |2 stusub 
996 |b E80250  |c E*80250  |l EE12  |s P  |a 0  |w stu7618_0001